00346nam a2200109Ia 450000500170000000800410001710000210005824501090007926000100018830000110019865000270020920260328101523.0260328s9999||||xx |||||||||||||| ||und|| aCallender, Mary  0aCampus recreational sports facilities :b Planning, Design and Construction Guidelines /cMary Callender bNirsa a282 p. aARQUITECTURA DEPORTIVA